LEADER 00992nam a2200241 i 4500 001 000000170729 003 CaOOAMICUS 005 20240529101153.0 008 080407s1921 it u000 u mul u 040 $aSeMil$bita 245 02$aL'elegia pagana anglosassone /$ctraduzione, con testo a fronte e studio critico a cura di Aldo Ricci. 264 1$aFirenze :$bSansoni,$c1921. 300 $aXI, 161 p. ;$c17 cm. 490 1 $aBiblioteca sansoniana straniera 546 $aTesto originale a fronte 650 4$aLetteratura anglosassone.$0(OLS)http://semarc/subject/51106 700 1 $aRicci, Aldo.$0(OLS)http://semarc/name/8665 830 0$aBiblioteca sansoniana straniera.$0(OLS)http://semarc/title/19727 850 $aSeMil 852 $aSeMil$W1$xVenegono$y1$m1W I 15$j121612$B121612$CSeMilBibl$Z2$F132953 $81 996 $6245$aL'elegia pagana anglosassone$9(OLS)http://semarc/title/244207 996 $6264$aFirenze :$bSansoni$9(OLS)http://semarc/publisher/29843 LEADER 00896nam a2200217 i 4500 001 000000198988 003 CaOOAMICUS 005 20110314000000.0 008 110314s1852 it u000 u ita u 013 $a177678 040 $aSeMil$bita 100 1 $aRomani, Felice.$0(OLS)http://semarc/name/12156 245 10$aNorma :$btragedia lirica in due atti /$cparole di Felice Romani ; musica del Maestro Cav. Vincenzo Bellini. 260 $aVenezia :$bPietro dal Bianco,$c1852. 300 $a24 p. ;$c18 cm. 700 1 $aBellini, Vincenzo,$d<1801-1835>.$0(OLS)http://semarc/name/72020 773 0 $t[Miscellanea.$w()1250 850 $aSeMil 852 $aSeMil$W1$xVenegono$y1$m5B I 19/2 FA$j149541$B149541$CSeMilBibl$Z2$F160927 $8I 996 $6245$aNorma :$btragedia lirica in due atti$9(OLS)http://semarc/title/287675 996 $6260$aVenezia :$bPietro dal Bianco$9(OLS)http://semarc/publisher/51285